Discurso leído en el paraninfo de la Universidad Central el día 18 de octubre de 1874 en el acto solemne de recibir la investidura de doctor en Facultad de Medicina y Cirugía (Registro nro. 49159)
[ vista simple ]
| 000 -LEADER | |
|---|---|
| campo de control de longitud fija | 00894nam a2200229 i 4500 |
| 001 - NÚMERO DE CONTROL | |
| campo de control | 49159 |
| 003 - IDENTIFICADOR DE NÚMERO DE CONTROL | |
| campo de control | ES-MaACL |
| 005 - FECHA Y HORA DE LA ÚLTIMA TRANSACCIÓN | |
| campo de control | 20240203062543.0 |
| 007 - CAMPO FIJO DE DESCRIPCIÓN FÍSICA--INFORMACIÓN GENERAL | |
| campo de control de longitud fija | t| |
| 008 - DATOS DE LONGITUD FIJA--INFORMACIÓN GENERAL | |
| campo de control de longitud fija | 030710s1874 sp ||||1| spa d |
| 100 1# - ENTRADA PRINCIPAL--NOMBRE DE PERSONA | |
| Nombre de persona | Corrochano y Casanova, Manuel María. |
| 9 (RLIN) | 40790 |
| 245 10 - MENCIÓN DEL TÍTULO | |
| Título | Discurso leído en el paraninfo de la Universidad Central el día 18 de octubre de 1874 en el acto solemne de recibir la investidura de doctor en Facultad de Medicina y Cirugía |
| Resto del título | : por Manuel M. Corrochano y Casanova. |
| 260 ## - PUBLICACIÓN, DISTRIBUCIÓN, ETC. | |
| Lugar de publicación, distribución, etc. | Madrid : |
| Nombre del editor, distribuidor, etc. | [s.n.], |
| Fecha de publicación, distribución, etc. | 1874 ( |
| Lugar de fabricación/manufactura | Madrid : |
| Fabricante | Viuda e hijos de Alvarez) |
| 300 ## - DESCRIPCIÓN FÍSICA | |
| Extensión | 30 p. ; |
| Dimensiones | 25 cm. |
| 500 ## - NOTA GENERAL | |
| Nota general | Título de la tesis: ¿Qué es el medicamento? |
| 502 ## - NOTA DE TESIS | |
| Nota de tesis | Tesis doctoral. |
| 650 04 - PUNTO DE ACCESO ADICIONAL DE MATERIA--TÉRMINO DE MATERIA | |
| Término de materia o nombre geográfico como elemento de entrada | Medicamentos. |
| 9 (RLIN) | 14884 |
| 710 2# - ENTRADA AGREGADA--NOMBRE DE ENTIDAD CORPORATIVA | |
| Nombre de entidad corporativa o nombre de jurisdicción como elemento de entrada | Universidad Central (Madrid) |
| 9 (RLIN) | 7084 |
| 740 0# - ENTRADA AGREGADA--TÍTULO RELACIONADO/ANALÍTICO NO CONTROLADO | |
| Título relacionado o analítico no controlado | ¿Qué es el medicamento? |
| 852 ## - LOCALIZACIÓN | |
| Ubicación | ES-MaACL |
| Número de control de estantería | T-330-F-4 |
| Estatus retirado | Estado de pérdida | Estado de daño | No para préstamo | Colección | Biblioteca de origen | Biblioteca actual | Ubicación en estantería | Fecha de adquisición | Fuente de adquisición | Total de préstamos | Signatura topográfica completa | Código de barras | Visto por última vez | Precio de reemplazo | Tipo de ítem Koha |
|---|---|---|---|---|---|---|---|---|---|---|---|---|---|---|---|
| Colección de folletos | Biblioteca del Ateneo de Madrid | Biblioteca del Ateneo de Madrid | Depósito folletos | 17/01/2008 | T-330-F-4 | 1051732 | 23/02/2023 | 23/02/2023 | Folleto |
